| 000 | 00466 a2200169 4500 | ||
|---|---|---|---|
| 003 | OSt | ||
| 005 | 20180116182635.0 | ||
| 008 | 160502b xxu||||| |||| 00| 0 eng d | ||
| 020 | _a0749455373 | ||
| 024 | _a9780749455378 | ||
| 040 | _c0 | ||
| 100 | _aStephen Bloomfield | ||
| 245 |
_aVenture Capital Funding _bA Practical Guide to Raising Finance _cStephen Bloomfield. |
||
| 250 | _a2nd Ed | ||
| 260 |
_akogan London _c2009 |
||
| 942 |
_aNBS _cBK _k658.15224 BLO _2ddc |
||
| 999 |
_c343224 _d343224 |
||